|
|
|
|
| LEADER |
03983nam a2200625 a 4500 |
| 001 |
c000171542 |
| 003 |
CARM |
| 005 |
19940917000000.0 |
| 008 |
910224s1962 sa f000 0 eng d |
| 019 |
1 |
|
|a 7962261
|5 LACONCORD2021
|
| 035 |
|
|
|a (OCoLC)220923946
|5 LACONCORD2021
|
| 040 |
|
|
|a ABN:1
|b eng
|c ABN:1
|d ABN:1
|
| 082 |
0 |
4 |
|a 551.691814
|2 20
|
| 245 |
0 |
0 |
|a International Geophysical Year (1957-58) world weather maps :
|b Part 3, southern hemisphere south of 20S̊, daily sea level and 500 millibar charts (July 1957 - December 1958] /
|c South Africa Weather Bureau.
|
| 260 |
|
|
|a Pretoria :
|b Weather Bureau,
|c 1962-66.
|
| 300 |
|
|
|a 18 v. :
|b chiefly maps ;
|c 38cm.x 42cm.
|
| 650 |
|
0 |
|a Sea level
|z Southern Hemisphere
|x Atlases.
|
| 650 |
|
0 |
|a Atmospheric pressure
|z Southern Hemisphere
|x Atlases.
|
| 650 |
|
0 |
|a International Geophysical Year, 1957-1958
|x Atlases.
|
| 710 |
1 |
|
|a South Africa.
|b Weather Bureau.
|
| 852 |
8 |
|
|b CARM
|h A1:AR02A0
|i E02063
|p 0227423
|f BK
|
| 852 |
8 |
|
|b CARM
|h A1:AR02A0
|i E02063
|p 0227424
|f BK
|
| 852 |
8 |
|
|b CARM
|h A1:AR02A0
|i E02063
|p 0227425
|f BK
|
| 852 |
8 |
|
|b CARM
|h A1:AR02A0
|i E02063
|p 0227426
|f BK
|
| 852 |
8 |
|
|b CARM
|h A1:AR02A0
|i E02063
|p 0227427
|f BK
|
| 852 |
8 |
|
|b CARM
|h A1:AR02A0
|i E02063
|p 0227428
|f BK
|
| 852 |
8 |
|
|b CARM
|h A1:AR04A0
|i E02070
|p 0227429
|f BK
|
| 852 |
8 |
|
|b CARM
|h A1:AR04A0
|i E02070
|p 0227430
|f BK
|
| 852 |
8 |
|
|b CARM
|h A1:AR04A0
|i E02070
|p 0227431
|f BK
|
| 852 |
8 |
|
|b CARM
|h A1:AR04A0
|i E02070
|p 0227432
|f BK
|
| 852 |
8 |
|
|b CARM
|h A1:AR04A0
|i E02070
|p 0227433
|f BK
|
| 852 |
8 |
|
|b CARM
|h A1:AR04A0
|i E02070
|p 0227434
|f BK
|
| 852 |
8 |
|
|b CARM
|h A1:AR04A0
|i E02070
|p 0227435
|f BK
|
| 852 |
8 |
|
|b CARM
|h A1:AR04A0
|i E02070
|p 0227436
|f BK
|
| 852 |
8 |
|
|b CARM
|h A1:AR04A0
|i E02070
|p 0227437
|f BK
|
| 852 |
8 |
|
|b CARM
|h A1:AR04A0
|i E02070
|p 0227438
|f BK
|
| 852 |
8 |
|
|b CARM
|h A1:AR04A0
|i E02070
|p 0227439
|f BK
|
| 999 |
f |
f |
|i 31ddb0a2-e4c8-5b1c-b352-6051c355c583
|s 38eb31cd-d869-5fca-ae49-a5a4385b7e7f
|
| 952 |
f |
f |
|p Can circulate
|a CAVAL
|b CAVAL
|c CAVAL
|d CARM 1 Store
|e E02070
|f A1:AR04A0
|h Other scheme
|i book
|j November 58
|m 0227438
|
| 952 |
f |
f |
|p Can circulate
|a CAVAL
|b CAVAL
|c CAVAL
|d CARM 1 Store
|e E02070
|f A1:AR04A0
|h Other scheme
|i book
|j February 58
|m 0227429
|
| 952 |
f |
f |
|p Can circulate
|a CAVAL
|b CAVAL
|c CAVAL
|d CARM 1 Store
|e E02070
|f A1:AR04A0
|h Other scheme
|i book
|j September 58
|m 0227436
|
| 952 |
f |
f |
|p Can circulate
|a CAVAL
|b CAVAL
|c CAVAL
|d CARM 1 Store
|e E02063
|f A1:AR02A0
|h Other scheme
|i book
|j January 58
|m 0227428
|
| 952 |
f |
f |
|p Can circulate
|a CAVAL
|b CAVAL
|c CAVAL
|d CARM 1 Store
|e E02063
|f A1:AR02A0
|h Other scheme
|i book
|j December 57
|m 0227427
|
| 952 |
f |
f |
|p Can circulate
|a CAVAL
|b CAVAL
|c CAVAL
|d CARM 1 Store
|e E02063
|f A1:AR02A0
|h Other scheme
|i book
|j October 57
|m 0227425
|
| 952 |
f |
f |
|p Can circulate
|a CAVAL
|b CAVAL
|c CAVAL
|d CARM 1 Store
|e E02063
|f A1:AR02A0
|h Other scheme
|i book
|j August 57
|m 0227424
|
| 952 |
f |
f |
|p Can circulate
|a CAVAL
|b CAVAL
|c CAVAL
|d CARM 1 Store
|e E02070
|f A1:AR04A0
|h Other scheme
|i book
|j December 58
|m 0227439
|
| 952 |
f |
f |
|p Can circulate
|a CAVAL
|b CAVAL
|c CAVAL
|d CARM 1 Store
|e E02070
|f A1:AR04A0
|h Other scheme
|i book
|j August 58
|m 0227435
|
| 952 |
f |
f |
|p Can circulate
|a CAVAL
|b CAVAL
|c CAVAL
|d CARM 1 Store
|e E02063
|f A1:AR02A0
|h Other scheme
|i book
|j July 57
|m 0227423
|
| 952 |
f |
f |
|p Can circulate
|a CAVAL
|b CAVAL
|c CAVAL
|d CARM 1 Store
|e E02070
|f A1:AR04A0
|h Other scheme
|i book
|j July 58
|m 0227434
|
| 952 |
f |
f |
|p Can circulate
|a CAVAL
|b CAVAL
|c CAVAL
|d CARM 1 Store
|e E02070
|f A1:AR04A0
|h Other scheme
|i book
|j June 58
|m 0227433
|
| 952 |
f |
f |
|p Can circulate
|a CAVAL
|b CAVAL
|c CAVAL
|d CARM 1 Store
|e E02070
|f A1:AR04A0
|h Other scheme
|i book
|j May 58
|m 0227432
|
| 952 |
f |
f |
|p Can circulate
|a CAVAL
|b CAVAL
|c CAVAL
|d CARM 1 Store
|e E02070
|f A1:AR04A0
|h Other scheme
|i book
|j March 58
|m 0227430
|
| 952 |
f |
f |
|p Can circulate
|a CAVAL
|b CAVAL
|c CAVAL
|d CARM 1 Store
|e E02070
|f A1:AR04A0
|h Other scheme
|i book
|j October 58
|m 0227437
|
| 952 |
f |
f |
|p Can circulate
|a CAVAL
|b CAVAL
|c CAVAL
|d CARM 1 Store
|e E02070
|f A1:AR04A0
|h Other scheme
|i book
|j April 58
|m 0227431
|
| 952 |
f |
f |
|p Can circulate
|a CAVAL
|b CAVAL
|c CAVAL
|d CARM 1 Store
|e E02063
|f A1:AR02A0
|h Other scheme
|i book
|j November 57
|m 0227426
|